| 000 | 00859cam a2200229 a 4500 | ||
|---|---|---|---|
| 001 | 000015300 | ||
| 005 | 20200929164015.0 | ||
| 008 | 830127s1966 sp ab 000 0 spa d | ||
| 040 |
_aDO-SdBNP _bspa _cDLC _dBNPHU |
||
| 082 |
_a225 _bD594 |
||
| 245 | 0 | 0 |
_aDios llega al hombre : _bel Nuevo Testamento de Nuestro Señor Jesucristo. |
| 260 |
_aAsunción : _bSociedades Bíblicas en América Latina, _c1966. |
||
| 300 |
_aiv, 578 p. : _bil., mapas ; _c19 cm. |
||
| 490 | 1 | _aLa palabra de Dios, para una nueva era | |
| 500 | _aVesión popular | ||
| 500 | _aDiccionario de algunas palabras especiales del Nuevo Testamento (p. 571-578). | ||
| 650 | 4 |
_aBiblia _xN.t _xEvangelios _934598 |
|
| 650 | 4 |
_aBiblia _xN.t _xEspañol _xVersiones _934599 |
|
| 830 | 0 |
_aLa palabra de Dios, para una nueva era ; _934600 |
|
| 910 | _aCatalogación por copia / LC | ||
| 049 | _aBNGR | ||
| 999 |
_c14866 _d14866 |
||